000 01618nam a22003497a 4500
005 20150630082243.0
008 150627b2006 ck |||||r|||| 00| 0 spa d
040 _aCO-BoIAVH
_cCO-BoIAVH
041 _aspa
044 _ack
090 _aAR
_b01877
100 1 _aQuevedo-Gil, Alonso
_934975
245 1 0 _aLoros amenazados de la Cordillera Central de los Andes de Colombia :
_buna iniciativa de conservación basada en la investigación y la educación ambiental /
_cAlonso Quevedo ... [et al].
260 _aBogotá:
_bFundación Proaves,
_c2006.
300 _aAño 2006, Nro 1, Octubre, Pag. 21-57.
520 _aComprometidos con la necesidad de responder a la situación actual de amenaza que enfrentan las poblaciones de loros en Colombia, se implementó una iniciativa de conservación con acciones dirigidas a minimizar y asegurar poblaciones viables de estas especies dentro de su hábitat.
650 1 _aLoros
_zCordillera Central de los Andes
_zColombia
_935012
650 1 _aAves amenazadas
_zCordillera Central de los Andes
_zColombia
_935013
700 1 _aSalaman, Paul
_922621
700 1 _aMayorquín, Adriana
_934996
700 1 _aOsorno, Nicolai
_934997
700 1 _aValle, Heidy
_934998
700 1 _aSolarte, Claudia
_934999
700 1 _aReinoso, Rosa
_935000
700 1 _aSanabria, Jeyson
_935001
700 1 _aCarantón, Diego
_935002
700 1 _aDíaz, Verónica
_935003
700 1 _aOsorno, Gustavo
_935004
700 1 _aVerhelst, Juan Carlos
_94655
773 0 _dBogotá : Fundación ProAves, 2006-
_o038445
_tRevista Conservación Colombiana
_x19001592
942 _2z
_cARTICULO
999 _c17494
_d17494